Visual aid: Stuff you' ve forgotten, things you never thought you knew, and lessons you didn't quite get around to learning.
Saved in:
| Institution som forfatter: | |
|---|---|
| Format: | Bog |
| Udgivet: |
London, United Kingdom:
Black Dog Publishing,
2011.
|
| Fag: | |
| Tags: |
Tilføj Tag
Ingen Tags, Vær først til at tagge denne postø!
|
MARC
| LEADER | 00000nam a22000007a 4500 | ||
|---|---|---|---|
| 003 | CL-VaPUC | ||
| 005 | 20250321101939.0 | ||
| 008 | 250130t2011 ||||| |||| 00| 0 eng d | ||
| 999 | |c 446955 |d 446953 | ||
| 020 | |a 9781906155483 | ||
| 040 | |c Pontificia Universidad Católica de Valparaíso | ||
| 082 | |a 741.6 DRA 2001 | ||
| 110 | |9 896036 |a Draught Associates |e author | ||
| 245 | |a Visual aid: |b Stuff you' ve forgotten, things you never thought you knew, and lessons you didn't quite get around to learning. | ||
| 260 | |a London, United Kingdom: |b Black Dog Publishing, |c 2011. | ||
| 300 | |a sin numeración: |b ilustraciones. | ||
| 500 | |a c.1. Instituto Arcos.08-01-2025. | ||
| 583 | |c 20250130 |k Gabriela Rodríguez Cuevas | ||
| 650 | 0 | |9 562734 |a Ayuda visual |x Ilustraciones | |
| 650 | 0 | |9 369481 |a Ilustraciones |x Cultura general | |
| 942 | |2 ddc |c BK |n 0 | ||
| 952 | |0 0 |1 0 |2 ddc |4 0 |6 741_600000000000000_DRA_2001 |7 0 |9 600226 |a BIBINC |b BIBINC |c GEN |d 2025-01-30 |e Instituto Arcos |i 5665128 |o 741.6 DRA 2001 |p 5665128 |r 2025-01-30 |t 1 |w 2025-01-30 |y BK |k IFP | ||